Effect of cassava leaf neem leaf and betel nut on gastrointestinal nemathode parasites in crossbreed chicken (local with luong phuong), ប្រសិទ្ធភាពនៃការប្រើប្រាស់ស្លឹកដំឡូងមី ស្លឹកស្ដៅ និងគ្រាប់ស្លា ទៅលើព្រូនណេម៉ាតូតក្នុងក្រពះពោះវៀនមាន់ជូពលឿងភឿងបង្កាតត់ជាមួយមា់ពូជក្នុងស្រុក (Record no. 2624)

000 -LEADER
fixed length control field 00898nam a22001337a 4500
040 ## - CATALOGING SOURCE
Transcribing agency RUA
082 ## - DEWEY DECIMAL CLASSIFICATION NUMBER
Classification number AVM SEK 2012 B102 Or.1
100 ## - MAIN ENTRY--AUTHOR NAME
Personal name SEK, SARUN.
245 ## - TITLE STATEMENT
Title Effect of cassava leaf neem leaf and betel nut on gastrointestinal nemathode parasites in crossbreed chicken (local with luong phuong), ប្រសិទ្ធភាពនៃការប្រើប្រាស់ស្លឹកដំឡូងមី ស្លឹកស្ដៅ និងគ្រាប់ស្លា ទៅលើព្រូនណេម៉ាតូតក្នុងក្រពះពោះវៀនមាន់ជូពលឿងភឿងបង្កាតត់ជាមួយមា់ពូជក្នុងស្រុក
260 ## - PUBLICATION, DISTRIBUTION, ETC. (IMPRINT)
Place of publication Phnom Penh
Name of publisher RUA
Year of publication 2012
300 ## - PHYSICAL DESCRIPTION
Number of Pages viii; 39p.
Other physical details ill.
Dimensions 29cm.
856 ## - ELECTRONIC LOCATION AND ACCESS
Uniform Resource Identifier https://drive.google.com/file/d/18YkVjzjCQau2cWKgPdHqLmaL1vIBEEj1/view?usp=sharing
942 ## - ADDED ENTRY ELEMENTS (KOHA)
Koha item type AVM
952 ## - LOCATION AND ITEM INFORMATION (KOHA)
Withdrawn status [LOCAL, KOHA] 0
952 ## - LOCATION AND ITEM INFORMATION (KOHA)
Withdrawn status [LOCAL, KOHA] 0
952 ## - LOCATION AND ITEM INFORMATION (KOHA)
Withdrawn status [LOCAL, KOHA] 0
952 ## - LOCATION AND ITEM INFORMATION (KOHA)
Withdrawn status [LOCAL, KOHA] 0
952 ## - LOCATION AND ITEM INFORMATION (KOHA)
Withdrawn status [LOCAL, KOHA] 0
952 ## - LOCATION AND ITEM INFORMATION (KOHA)
Withdrawn status [LOCAL, KOHA] 0
952 ## - LOCATION AND ITEM INFORMATION (KOHA)
Withdrawn status [LOCAL, KOHA] 0
Holdings
Permanent Location Date acquired Koha item type Lost status Shelving location Barcode Current Location Full call number
Library Block B2015-10-24AVM B102RUA009647Library Block BAVM SEK 2012 B102 Or.1
Library Block B2015-10-24AVM B102RUA016933Library Block BAVM SEK 2012 B102 Or.2
Library Block B2015-10-24AVM B102RUA011202Library Block BAVM SEK 2012 B102 Or.3
Library Block B2015-10-24AVM B102RUA015111Library Block BAVM SEK 2012 B102 Or.4
Library Block B2015-10-24AVM B102RUA015185Library Block BAVM SEK 2012 B102 Or.5
Library Block B2015-10-24AVM B102RUA015110Library Block BAVM SEK 2012 B102 Or.6
Library Block B2015-10-24AVM B102RUA020027Library Block BAVM SEK 2012 B102 Or.7
មជ្ឈមណ្ឌលឯការនៃសាកលវិទ្យាល័យភូមិន្ទកសិកម្មចំការដូង

Powered by Koha